Lý thuyết tàu thủy
Сохранить в:
| Главный автор: | |
|---|---|
| Формат: | |
| Язык: | Undetermined |
| Опубликовано: |
Hà Nội
Bách Khoa Hà Nội
2009
|
| Предметы: | |
| Метки: |
Добавить метку
Нет меток, Требуется 1-ая метка записи!
|
| Thư viện lưu trữ: | Trung tâm Học liệu Trường Đại học Cần Thơ |
|---|
| LEADER | 00636nam a2200205Ia 4500 | ||
|---|---|---|---|
| 001 | CTU_175945 | ||
| 008 | 210402s9999 xx 000 0 und d | ||
| 020 | |c 90000 | ||
| 082 | |a 623.81 | ||
| 082 | |b T513 | ||
| 100 | |a Lê, Thanh Tùng | ||
| 245 | 0 | |a Lý thuyết tàu thủy | |
| 245 | 0 | |c Lê Thanh Tùng, Lương Ngọc Lợi | |
| 260 | |a Hà Nội | ||
| 260 | |b Bách Khoa Hà Nội | ||
| 260 | |c 2009 | ||
| 650 | |a Naval architecture,Ships,Thiết kế tàu thủy | ||
| 650 | |x Designs and plans,Equipments and supplies | ||
| 910 | |a Nguyên | ||
| 980 | |a Trung tâm Học liệu Trường Đại học Cần Thơ | ||